Statistics for Spanish football clubs by badge

Click here to take the quiz!

General Stats

  • This quiz has been taken 82 times
  • The average score is 68 of 100

Answer Stats

Answer% Correct
Atlético Madrid
100%
FC Barcelona
96%
Athletic Club
90%
Levante UD
90%
Real Betis
90%
Real Madrid CF
90%
Valencia CF
90%
Girona FC
89%
Málaga CF
89%
Sevilla FC
89%
Cádiz CF
87%
Deportivo La Coruña
87%
Elche CF
87%
Getafe CF
87%
Rayo Vallecano
87%
Real Sociedad
87%
CA Osasuna
86%
CD Lugo
86%
Deportivo Alavés
86%
RCD Espanyol
86%
SD Huesca
86%
UD Almería
86%
UD Ibiza
86%
Racing de Santander
84%
SD Eibar
84%
CD Leganés
83%
CF Intercity
83%
FC Cartagena
83%
RC Celta de Vigo
83%
UD Las Palmas
83%
UE Cornellà
83%
Xerez CD
83%
Burgos CF
81%
Linares Deportivo
81%
Xerez Deportivo
81%
Real Murcia
80%
CD Castellón
79%
Mérida AD
79%
RCD Mallorca
79%
Real Jaén
79%
SD Compostela
79%
UD Logroñés
79%
CD Alcoyano
77%
CD Ebro
77%
CD Numancia
77%
Coruxo FC
77%
Granada CF
77%
Pontevedra CF
76%
Villarreal CF
76%
AE Prat
74%
CD El Ejido
74%
CF Fuenlabrada
74%
Algeciras CF
73%
Antequera CF
73%
SD Logroñés
73%
Zamora CF
73%
CD Badajoz
71%
CE Sabadell CF
71%
San Sebastián de los Reyes
71%
CF Talavera de la Reina
70%
CP Cacereño
70%
Lleida Esportiu
70%
Marbella FC
70%
CDA Navalcarnero
69%
Juventud Torremolinos
69%
Real Zaragoza
69%
CD Don Benito
67%
Rayo Majadahonda
67%
Yeclano Deportivo
67%
Balompédica Linense
66%
CD Eldense
66%
Real Valladolid
66%
CD Atlético Baleares
64%
Cultural y D. Leonesa
64%
CD Tenerife
60%
Racing de Ferrol
60%
UCAM Murcia CF
60%
UD Melilla
60%
Albacete Balompié
59%
Real Oviedo
59%
Sporting de Gijón
59%
Palencia Cristo Atlético
53%
AD Alcorcón
46%
CD Mirandés
44%
Hércules CF
40%
Unionistas de Salamanca
39%
Gimnàstic Tarragona
36%
Recreativo de Huelva
34%
Córdoba CF
33%
SD Ponferradina
33%
Real Unión
31%
San Fernando CD
27%
AD Ceuta FC
21%
CD Guadalajara
21%
Arenas de Getxo
17%
CD Tudelano
17%
Atlético Sanluqueño
14%
CD Teruel
14%
SCR Peña Deportiva
7%
CD Utrera
4%

Score Distribution

Percentile by Number Answered

Percent of People with Each Score

Your Score History

You have not taken this quiz